|
|
|
|
| LEADER |
00000nam a22000007a 4500 |
| 005 |
20141114144317.0 |
| 007 |
cr|||| |||| |
| 008 |
141114s2014 fr |||||s|||| 00||0 fre d |
| 035 |
|
|
|a 12525
|
| 040 |
|
|
|a vLex
|
| 090 |
|
|
|c 5289
|d 5289
|
| 100 |
1 |
|
|a Ceulemans, Michel
|
| 245 |
1 |
0 |
|a Apprendre la T.V.A. Initiation au fonctionnement du systm̈e de la T.V.A. et notions de base 2014
|h [Recurso electrn̤ico] /
|c Michel Ceulemans
|
| 256 |
|
|
|a Servicio en ln̕ea
|
| 260 |
|
|
|a [s.l.] :
|b Edipro,
|c 2014
|
| 300 |
|
|
|a 1 recurso electrn̤ico
|
| 506 |
1 |
|
|a Contenido disponible en los productos indicados
|d vLex Global
|d vLex Global (Academic Edition, excluding Law Schools)
|d vLex Global (U.S. Academic Edition, Law Schools)
|d vLex Global (U.S. Academic Edition, excluding Law Schools)
|d vLex Global (Academic Edition, Law Schools)
|
| 650 |
0 |
4 |
|a Impuesto sobre el valor aądido
|z Francia
|
| 740 |
0 |
|
|a vLex Libros (Servicio en ln̕ea)
|
| 856 |
4 |
0 |
|u http://vlex.com/source/apprendre-la-t-v-a-initiation-au-fonctionnement-du-systeme-de-la-t-v-a-et-notions-de-base-2014-12525
|z Acceso restringido
|
| 942 |
|
|
|c BOOK
|
| 999 |
0 |
|
|a Value-added tax
|